000 01204cam a2200337 a 4500
999 _c962
_d962
001 16158414
003 OSt
005 20200107115620.0
008 100329r20102008nyu j 000 1 eng
010 _a 2010007802
020 _a9780141343600
040 _aDLC
_cDLC
_dDLC
042 _alcac
_apcc
082 _aFIC HIG
100 1 _aHigson, Charles,
_d1958-
_eauthor
245 1 0 _aBy royal command /
_cCharlie Higson.
260 _aUK :
_bPuffin Books
_c2012.
300 _a353 p. ;
_c20 cm.
490 0 _aYoung Bond ;
_vbk. 5
520 _aPiecing together information gained while skiing in the Alps, teenaged James Bond returns to Eton College and foils an assassination attempt, then goes on the run across Europe with a beautiful and dangerous Irish girl, Roan.
600 1 1 _aGreat Britain
_xHistory
_yGeorge VI, 1936-1952
_vFiction.
610 2 1 _aEton College
_vFiction.
650 1 _aAdventure and adventurers
_vFiction.
650 1 _aBoarding schools
_vFiction.
650 1 _aSchools
_vFiction.
650 1 _aCriminals
_vFiction.
650 1 _aSpies
_vFiction.
651 1 _aEurope
_xHistory
_y1918-1945
_vFiction.
906 _a7
_bcbc
_corignew
_d1
_eecip
_f20
_gy-gencatlg
942 _2ddc
_cFIC